Проблема старения основных фондов в химической промышленности; Трансформация научных парадигм и коммуникативные практики в информационном социуме

Podrobná bibliografie
Parent link:Трансформация научных парадигм и коммуникативные практики в информационном социуме.— 2013.— [С. 30-32]
Hlavní autor: Зангиева Е. В.
Další autoři: Скреботун Е. А.
Shrnutí:Заглавие с титульного листа.
Jazyk:ruština
Vydáno: 2013
Edice:Коммуникативные практики и бизнес - стратегии в современном социуме
Témata:
On-line přístup:http://www.lib.tpu.ru/fulltext/c/2012/C26/012.pdf
Médium: MixedMaterials Elektronický zdroj Kapitola
KOHA link:https://koha.lib.tpu.ru/cgi-bin/koha/opac-detail.pl?biblionumber=605150

MARC

LEADER 00000naa2a2200000 4500
001 605150
005 20260224133052.0
035 |a (RuTPU)RU\TPU\conf\2435 
035 |a RU\TPU\conf\2434 
090 |a 605150 
100 |a 20140403d2013 k y0rusy50 ca 
101 0 |a rus 
102 |a RU 
135 |a drnn ---uucaa 
181 0 |a i  
182 0 |a b 
200 1 |a Проблема старения основных фондов в химической промышленности  |f Е. В. Зангиева, Е. А. Скреботун 
203 |a Текст  |c электронный 
215 |a 1 файл (273 Кб) 
225 1 |a Коммуникативные практики и бизнес - стратегии в современном социуме 
300 |a Заглавие с титульного листа. 
320 |a [Библиогр.: с. 32 (7 назв.)] 
337 |a Adobe Reader 
463 1 |0 (RuTPU)RU\TPU\conf\2405  |t Трансформация научных парадигм и коммуникативные практики в информационном социуме  |o сборник научных трудов конференции, г. Томск, 22-23 ноября 2012 г.  |f Национальный исследовательский Томский политехнический университет (ТПУ) ; ред. коллегия В. И. Турнаев [и др.]  |v [С. 30-32]  |d 2013 
610 1 |a труды учёных ТПУ 
610 1 |a электронный ресурс 
610 1 |a химическая промышленность 
610 1 |a фонды 
610 1 |a экономика 
610 1 |a конкуренция 
610 1 |a модернизация 
700 1 |a Зангиева  |b Е. В. 
701 1 |a Скреботун  |b Е. А. 
801 2 |a RU  |b 63413507  |c 20140403  |g RCR 
856 4 |u http://www.lib.tpu.ru/fulltext/c/2012/C26/012.pdf 
942 |c CF